| Tag |
First Indicator |
Second Indicator |
Subfields |
| LEADER |
00000cam a22000008i 4500 |
| 001 |
in00000048048 |
| 005 |
20151007065518.0 |
| 008 |
790917s1979 inu b 00110 eng |
| 010 |
|
|
|a 79002166
|
| 020 |
|
|
|a 0253317762 (pbk.)
|
| 035 |
|
|
|a (OCoLC)05499018
|
| 035 |
|
|
|9 AAE2143AM
|
| 040 |
|
|
|a DLC
|c DLC
|d TXA
|d UtOrBLW
|
| 043 |
|
|
|a n-usu--
|a n-us-ok
|
| 049 |
|
|
|a TXAM
|c [1497630]
|
| 050 |
0 |
0 |
|a Z1210.C72
|b G72
|a E99.C9
|
| 082 |
0 |
|
|a 016.97/0004/97
|
| 100 |
1 |
|
|a Green, Michael D.,
|d 1941-2013.
|
| 245 |
1 |
4 |
|a The Creeks :
|b a critical bibliography /
|c Michael D. Green.
|
| 263 |
|
|
|a 7910
|
| 264 |
|
1 |
|a Bloomington :
|b Published for the Newberry Library [by] Indiana University Press,
|c 1979.
|
| 300 |
|
|
|a xvi, 114 pages ;
|c 21 cm.
|
| 336 |
|
|
|a text
|b txt
|2 rdacontent
|
| 337 |
|
|
|a unmediated
|b n
|2 rdamedia
|
| 338 |
|
|
|a volume
|b nc
|2 rdacarrier
|
| 490 |
1 |
|
|a Bibliographical series
|
| 500 |
|
|
|a Includes index.
|
| 650 |
|
0 |
|a Creek Indians
|x Bibliography.
|
| 710 |
2 |
|
|a Newberry Library.
|
| 830 |
|
0 |
|a Bibliographical series (Newberry Library. Center for the History of the American Indian)
|
| 999 |
|
|
|a MARS
|
| 999 |
f |
f |
|s b37ec5a8-7969-3139-a69e-286cdd0d9388
|i 5b74788c-20f4-375e-aa2c-ddd9ea6fd071
|t 0
|
| 952 |
f |
f |
|p ric
|a Texas A&M University
|b Rellis Campus
|c Joint Library Facility
|d Remote Storage
|t 0
|e Z1210.C72 G72
|h Library of Congress classification
|i unmediated -- volume
|m A14805758281
|
| 998 |
f |
f |
|a Z1210.C72 G72
|t 0
|l Remote Storage
|